APUSH TEST 2 - Statistics

General Stats
  • This quiz has been taken 26 times
  • The average score is 3 of 84
Answer Stats
Answer % Correct
1895-Person Booker T. Washington
31%
1896-Politics Populist Party
31%
1903-Imperialism Panama Canal
23%
1933-Federal Agency AAA/Agricultural Adjustment Act
15%
1901- Movement Conservation Movement
15%
1904-Person/literature Ida Tarbell/History Of The Standard Oil Company
15%
1889-Person/Organization Jane Addams/Hull House
15%
1910-Movement Progressivism
15%
1918-Philosophy 14 Points
8%
1898-Imperialism Annexation of Hawaii
8%
1933-Federal Agency CCC/Civilian Conservation Corps
8%
1906-Movement Eugenics
8%
1920-Movement Flappers
8%
1906-Legislation Food and Drug Act
8%
1900-1910-Event "Golden Age" of agriculture
8%
1905-Organization IWW established
8%
1906- Legislation Meat Inspection Act
8%
1909-Organization NAACP
8%
1904-Event Northern Securities dissolved
8%
1901- Movement Socialist Party founded
8%
1929-Event Stock Market Crash
8%
1901— Person Teddy Roosevelt Inaugurated
8%
1906-Person/Literature Upton Sinclair/The Jungle
8%
1903-Organization Women's Trade Union League
8%
1934-Federal Agency WPA/Works Progress Administration
8%
1913- Legislation 16th Amendment
0%
1913- Legislation 17th Amendment
0%
1919-Legislation 18th Amendment
0%
1923-Supreme Court Adkins vs. Children's Hospital
0%
1911-Movement Birth-Control Movement
0%
1932-Event Bonus March on Washington
0%
1922-Legislation Cable Act
0%
1937-Event Court Packing Scheme
0%
1933-Legislation Emergency Banking Act
0%
1945-War End of WWII
0%
1913-Organization Federal Reserve
0%
1914-Organization Federal Trade Commission/FTC
0%
1933-Federal Agency FHA/Federal Housing Administration
0%
1916-Philosophy Fordism/ Mass Production and Consumption
0%
1941-Philosophy Four Freedoms
0%
1921-Philosophy Garveyism
0%
1944-Legislation GI Bill of Rights
0%
1910-1920-Movement Great Migration
0%
1934-Event Height Dust Bowl
0%
1906- Legislation Hepburn Act
0%
1924-Legislation Immigration Act
0%
1924-Legislation Indian Citizenship Act
0%
1910-Politics Initiative, Referendum, Recall
0%
1942-Movement Japanese Internment Camps
0%
1937-Philosophy Keynesian Economics
0%
1944-Supreme Court Korematsu vs. United States
0%
1941-Legislation Lend-Lease Act
0%
1915-War Lusitania
0%
1908-Supreme Court Muller vs. Oregon
0%
1935-Legislation Neutrality Acts
0%
1933-Federal Agency NRA/National Recovery Administration
0%
1920-Movement Population: City>Rural
0%
1933-Federal Agency PWA/Public Works Administration
0%
1919-Movement Red Scare
0%
1915-Movement Reemergence of the Ku Klux Klan
0%
1919-Supreme Court Schenck vs. USA
0%
1935-Event Second New Deal
0%
1918-Legislation Sedition Act
0%
1940-Legislation Selective Service Act
0%
1930-Legislation Smoot-Hawley Tariff
0%
1935-Federal Agency Social Security Act
0%
1911-Organization Society of American Indians
0%
1918-Event Spanish Flu Pandemic
0%
1929-Event Start of Great Depression
0%
1935-Movement Start of Isolationism
0%
1939-War Start of WWII
0%
1905-Imperialism Taft-Katsura Agreement
0%
1921-Event Teapot Dome Scandal
0%
1904-Philosophy Teddy Roosevelt Collorary/World's Policeman
0%
1939-Book The Grapes Of Wrath
0%
1911-Event Triangle Shirtwaist Factory Fire
0%
1933-Federal Agency TVA/Tennesee Valley Authority
0%
1934-Legislation Wagner Act
0%
1922-Event Washington Naval Arms Conference
0%
1901-Movement Wave of new immigration/Italian Immigrants
0%
1904-Person WEB Dubois
0%
1919-War WW1 Ends
0%
1914-War WW1 starts
0%
1917-War Zimmerman Telegraph
0%
No matching quizzes found
Score Distribution
Percent of People with Each Score
Percentile by Number Answered
Your Score History
You have not taken this quiz